North American Sports Champions 1950's - Statistics

General Stats
  • This quiz has been taken 124 times
  • The average score is 15 of 19
Answer Stats
Team % Correct
Boston Celtics
95%
Minneapolis Lakers
95%
New York Yankees
95%
Montreal Canadiens
94%
New York Giants
92%
New York Giants
92%
Detroit Red Wings
85%
Toronto Maple Leafs
84%
St. Louis Hawks
81%
Brooklyn Dodgers
80%
Los Angeles Dodgers
80%
Cleveland Browns
79%
Detroit Lions
79%
Milwaukee Braves
69%
Philadelphia Warriors
69%
Baltimore Colts
67%
Rochester Royals
64%
Syracuse Nationals
57%
Los Angeles Rams
51%
No matching quizzes found
Score Distribution
Percent of People with Each Score
Percentile by Number Answered
Your Score History
You have not taken this quiz